Annual dinner in conjunction with the conferment of royal status and 50th anniversary celebration : surveying the nation 50 years 1961-2011

Bibliographic Details
Corporate Author: Institution of Surveyors Malaysia
Format: Book
Language:English
Published: Petaling Jaya : Royal Institution Of Surveyor Malaysia , 2011
Edition:Royal edition
Subjects:

MARC

LEADER 00000cam a2200000 7i4500
001 0000025867
005 20150909.0
008 08042015 my a eng
020 |a 9789671032305 
040 |a INS 
090 0 0 |a TD501   |b I64 2011 
110 2 |a Institution of Surveyors Malaysia 
245 1 0 |a Annual dinner in conjunction with the conferment of royal status and 50th anniversary celebration :   |b surveying the nation 50 years 1961-2011 
250 |a Royal edition 
260 |a Petaling Jaya :   |b Royal Institution Of Surveyor Malaysia ,   |c 2011 
300 |a 23p. :   |b ill ;   |c 25cm. 
650 0 |a Institution of Surveyors Malaysia   |x Anniverseries, etc. 
999 |a 1000002135   |b BOOK   |c Open Shelf   |e Default branch